DPH a inflácia vyháňa našincov k susedom

Slováci si obľúbili nakupovanie v zahraničí. Doma je pre nich draho a výber je slabý. Problém sa znásobí vo chvíli, keď nákup lacnejších surovín uprednostnia gastrozariadenia. To by malo vplyv najmä na slovenských výrobcov a maloobchod. Jedným z dôvodov príliš drahého sortimentu je nepochybne inflác...

Ausführliche Beschreibung

Gespeichert in:
Bibliographische Detailangaben
1. Verfasser: Kvarda, František
Format: Buchkapitel
Sprache:Slowakisch
Schlagworte:
Tags: Tag hinzufügen
Keine Tags, Fügen Sie das erste Tag hinzu!

MARC

LEADER 00000naa a2200000 4500
001 0282031
005 20240417075154.5
041 0 |a slo 
044 |a SK 
245 1 0 |a DPH a inflácia vyháňa našincov k susedom  |c František Kvarda 
520 |a Slováci si obľúbili nakupovanie v zahraničí. Doma je pre nich draho a výber je slabý. Problém sa znásobí vo chvíli, keď nákup lacnejších surovín uprednostnia gastrozariadenia. To by malo vplyv najmä na slovenských výrobcov a maloobchod. Jedným z dôvodov príliš drahého sortimentu je nepochybne inflácia, ktorú rast cien kopíruje. 
610 2 0 |a potraviny 
610 2 0 |a inflácia 
610 2 0 |a dane z hodnoty pridanej 
610 2 0 |a maloobchod 
610 2 0 |a dopyt spotrebiteľský 
610 2 0 |a nákup 
100 1 |a Kvarda, František